Highest-Ranked Teams with No FIFA World Cup Appearances - Statistics

General Stats
  • This quiz has been taken 262 times
    123 since last reset
  • The average score is 7 of 12
Answer Stats
Ranking Confederation Team % Correct
63 UEFA Finland
79%
37 CONMEBOL Venezuela
78%
72 UEFA North Macedonia
67%
73 UEFA Montenegro
66%
66 UEFA Albania
64%
70 UEFA Georgia
62%
53 CAF Mali
62%
61 AFC Uzbekistan
58%
76 AFC Oman
53%
68 AFC Jordan
50%
67 CAF Burkina Faso
36%
65 CAF Cape Verde
30%
No matching quizzes found
Score Distribution
Percent of People with Each Score
Percentile by Number Answered
Your Score History
You have not taken this quiz since the last reset